000 00695nam a2200241 i 4500
001 bgj
245 0 0 _aLifeSpan-plus :
_b900 natural techniques to live longer /
_cby the editors of "Prevention Magazine".
260 _aEmmaus, Pa :
_bRodale Press,
_cc. 1990.
300 _aIX, 422 pp :
_btables ;
_c24 cm.
505 _aIncludes index.
650 9 _aHealth
650 9 _aLongevity
700 1 _aTKAC, Debora.
_eeditor
700 1 _aFAELTEN, Sharon.
_eeditor
700 1 _aMICHAUD, Ellen.
_eeditor
710 p 0 _aPREVENTION
_aEmmaus, Pa
020 _a0878579087
040 _cBPK
041 0 _aeng
920 _a0-87857-908-7
942 _cKS
008 s uk f |000 0 eng
999 _c47569
_d47569
856 _uhttp://koha.tu.koszalin.pl/cgi-bin/koha/opac-detail.pl?biblionumber=47569
_yKatalog online BPK